| 000 | 00699cam a2200229 a 4500 | ||
|---|---|---|---|
| 020 | _a9780521132077 | ||
| 082 | _a349.42 | ||
| 100 | 1 |
_aHarris, Phil, _d1949- |
|
| 245 | 1 | 3 |
_aAn introduction to law / _cPhil Harris. |
| 250 | _a8th ed. | ||
| 260 |
_aCambridge ; _aNew York : _bCambridge University Press, _cc2016 |
||
| 300 |
_a494 p. ; _c23 cm. |
||
| 650 | 0 |
_aLaw _935302 |
|
| 650 | 0 | _aNLS2024, NLSTEXTBOOKS, NLSEBOOKBANK | |
| 650 | 0 | _932075 | |
| 856 | _uhttp://10.250.8.41:8080/xmlui/handle/123456789/47911 | ||
| 942 |
_2ddc _cBK |
||
| 999 |
_c586601 _d586601 |
||